Top 10 Città più popolose Provincia di Treviso - Statistics

Statistiche generali
  • Questo quiz è stato fatto 71 volte
  • Il punteggio medio è 7 su 10
Statistiche sulle risposte
Popolazione (ab.) Città % Corretto
81 014 Treviso
98%
34 428 Conegliano
93%
28 656 Vittorio Veneto
85%
32 894 Castelfranco Veneto
75%
30 765 Montebelluna
75%
20 068 Oderzo
71%
17 883 Villorba
69%
21 432 Paese
64%
27 608 Mogliano Veneto
58%
16 772 Preganziol
45%
Nessun quiz corrispondente trovato
Distribuzione punteggi
Percentuale di utenti per punteggio
Percentile per numero di risposta
I tuoi punteggi nel tempo
Non hai fatto questo quiz